Personalidades Históricas - Statistics

Estatísticas Gerais
  • Esse quiz foi jogado 407 vezes
  • A pontuação média é 6 de 16
Estatísticas das Respostas
Imagem Resposta % Correto
John Kennedy
82%
Nelson Mandela
78%
Jesus Cristo
65%
Marylin Monroe
64%
Martin Luther King
59%
George Washington
55%
Lenin
55%
Elizabeth I
44%
Shakespeare
43%
Aristóteles
24%
John Locke
23%
João Goulart
18%
Mao Zedong
18%
Margaret Thatcher
16%
Montesquieu
4%
Agatha Christie
2%
Nenhum quiz correspondente encontrado
Distribuição das Pontuações
Porcentagem de Pessoas com Cada Pontuação
Percentil de Números Respondidos
Sua Pontuação Histórica
Você não jogou esse quiz